[Event "Kolkata Telegraph Schools 15th"]
[Site "Kolkata"]
[Date "2002.??.??"]
[Round "10.5"]
[White "Basu, Suman"]
[Black "Mallick, Samput"]
[Result "1/2-1/2"]
[WhiteElo "2035"]
[BlackElo "2012"]
[PlyCount "97"]
[EventDate "2002.08.16"]
[EventType "team-tourn"]
[EventRounds "11"]
[EventCountry "IND"]
[SourceTitle "EXT 2004"]
[Source "ChessBase"]
[SourceDate "2003.11.25"]
[SourceVersion "1"]
[SourceVersionDate "2003.11.25"]
[SourceQuality "1"]

1. e4 e6 2. d4 d5 3. exd5 exd5 4. Nf3 Bd6 5. Bd3 Ne7 6. 0-0 0-0 7. Bg5 f6 8. Be3 Bf5 9. Nc3 c6 10. Nh4 Bxd3 11. Qxd3 Na6 12. Ne2 Nc7 13. Nf5 Nxf5 14. Qxf5 Qc8 15. Qxc8 Raxc8 16. Bf4 Rfe8 17. Be3 Kf7 18. Rfe1 Re7 19. Nc1 Na6 20. c3 Rce8 21. Nd3 Nc7 22. Bd2 Rxe1+ 23. Rxe1 Rxe1+ 24. Bxe1 Ne6 25. Bd2 g6 26. h3 Ke7 27. Kf1 Kf7 28. Ke2 Ke7 29. h4 Kf7 30. Kf3 Ke7 31. Be3 Kf7 32. Ke2 Ke7 33. Kd2 Kd7 34. b3 b5 35. a4 a6 36. axb5 axb5 37. g3 Ke7 38. Kc2 Kd7 39. c4 bxc4 40. bxc4 dxc4 41. Nb2 c5 42. dxc5 Bxc5 43. Nxc4 Bxe3 44. Nxe3 Nc5 45. f3 Ke6 46. Kc3 Nd7 47. f4 f5 48. Kd4 Nf6 49. Nf1 1/2-1/2

[Event "Kolkata Telegraph Schools 15th"]
[Site "Kolkata"]
[Date "2002.??.??"]
[Round "11.4"]
[White "Mallick, Samput"]
[Black "Suchandra, Chatterjee"]
[Result "1-0"]
[WhiteElo "2012"]
[BlackElo "2009"]
[PlyCount "100"]
[EventDate "2002.08.16"]
[EventType "team-tourn"]
[EventRounds "11"]
[EventCountry "IND"]
[SourceTitle "EXT 2004"]
[Source "ChessBase"]
[SourceDate "2003.11.25"]
[SourceVersion "1"]
[SourceVersionDate "2003.11.25"]
[SourceQuality "1"]

1. e4 c5 2. Nf3 d6 3. d4 cxd4 4. Nxd4 Nf6 5. Nc3 g6 6. Be3 Bg7 7. f3 0-0 8. Bc4 Nc6 9. Qd2 Bd7 10. 0-0-0 Rc8 11. Bb3 Ne5 12. g4 Qa5 13. Kb1 Rfe8 14. Bg5 Nc4 15. Bxc4 Rxc4 16. Bxf6 Bxf6 17. Nd5 Qxd2 18. Nxf6+ exf6 19. Rxd2 Kf8 20. c3 a6 21. Rhd1 Ke7 22. Nc2 Rc6 23. Nb4 Rcc8 24. Rxd6 Be6 25. R6d2 h6 26. Nd5+ Bxd5 27. Rxd5 Rc7 28. h4 Rec8 29. Kc2 Re8 30. R1d4 Rec8 31. Kd3 Re8 32. c4 Rec8 33. a4 Re8 34. b4 Ra8 35. c5 Rac8 36. Rd6 Rb8 37. R4d5 Rbc8 38. Kd4 Rb8 39. Rb6 Rc6 40. Rd6 Rxd6+ 41. Rxd6 Rc8 42. Kd5 Rc7 43. c6 b6 44. a5 bxa5 45. bxa5 Ke8 46. Rxf6 Ke7 47. Rd6 Ke8 48. Kc5 Ke7 49. e5 h5 50. gxh5 gxh5 1-0